Za jakie zwierzę często przebierają się dzieci na szkolnym balu? - Statystyki

Ogólne statystyki
  • Ten quiz został rozwiązany 19 razy
  • Średni wynik to 4 z 6
Statystyki odpowiedzi
Hint Odpowiedź % Poprawnych
1. kot
100%
6. pies
100%
2. lew
83%
5. mysz
56%
4. niedźwiedź
33%
3. jeż
6%
Nie znaleziono quizów pasujących do podanych kryteriów
Rozkład punktacji
Procent ludzi z każdym wynikiem
Percentyl według liczby udzielonych odpowiedzi
Twoja historia wyników
Nie rozwiązałeś tego quizu